Optoelektronnyj pribor dľja točnogo izmerenija dliny tipa OPT-100-1

Bibliographic Details
Main Authors: Pleskač, M. (Author), Vronkovski, L. (Author), Pleskasz, M. (Author), Wronkowski, L. (Author)
Format: Article
Language:Russian
PhysicalDescription:Obr. 3. Sch. 1., lit. 13 zázn. v angl., nem., ruš., poľ.
Subjects:

MARC

LEADER 00000nab a2200000 a 4500
001 vtls000275410
003 SK-MaSNL
005 20260318132722.0
008 160204c1985 xo 0 rus
015 |a SNBRA19rr/mm-uuuuu 
035 |a CL0285524 
040 |a SNKBUCL  |b slo  |c SNKBUCL  |e AACR2 
041 0 |a rus 
044 |a xo  |c SK 
080 |a 681.786  |2 1981 
080 |a 531.715  |2 1981 
100 1 |a Pleskač, M.  |4 aut  |9 1222708 
245 1 0 |a Optoelektronnyj pribor dľja točnogo izmerenija dliny tipa OPT-100-1  |c M. Pleskač, L. Vronkovski ; M. Pleskasz, L. Wronkowski 
300 |b Obr. 3. Sch. 1., lit. 13 zázn. v angl., nem., ruš., poľ. 
650 0 7 |a meranie dĺžky  |2 snkbucl  |9 166242 
650 0 7 |a prístroje meracie optoelektrónové  |2 snkbucl  |9 1222709 
655 7 |a články zo zborníkov  |2 snkbucl  |9 166140 
700 1 |a Vronkovski, L.  |4 aut  |9 1222710 
700 1 |a Pleskasz, M.  |4 aut  |9 1222711 
700 1 |a Wronkowski, L.  |4 aut  |9 1222712 
773 0 |t Výroba malých presných súčiastok  |d Bratislava : Dom techniky ČSVTS, 1985  |g S. 142-149 
850 |a Slovenská národná knižnica v Martine  |a MTA001 
852 |a SNK  |b KIS3GCP 
958 |a NB 
958 |a RK 
958 |a PL 
958 |a SU 
992 |a RZB 
999 |c 2145621  |d 2147551